[Event "Match 77__120'/40"]
[Site "Zürich"]
[Date "2024.??.??"]
[Round "48"]
[White "Mephisto Polgar sel. 5"]
[Black "Super Forte C 6 MHz sel. 4"]
[Result "1-0"]
[WhiteElo "1981"]
[BlackElo "2011"]
[Annotator "Utzinger,K"]
[PlyCount "136"]
[EventDate "2024.??.??"]
[SourceVersionDate "2024.04.21"]

{[%evp 0,136,31,14,18,-10,25,36,42,42,42,42,42,42,63,45,57,68,59,57,48,44,46,-12,53,56,54,37,63,63,63,23,76,77,111,89,108,113,113,56,112,111,128,85,89,77,139,165,132,143,252,188,188,192,231,123,128,133,124,128,128,136,146,114,114,101,129,145,141,102,120,120,129,145,160,87,174,109,130,116,113,110,183,183,169,161,214,213,213,86,75,108,262,262,262,262,303,315,689,715,746,789,856,905,905,897,902,902,923,923,923,923,923,924,916,932,881,949,949,949,949,949,1573,1203,1203,1229,1229,1249,1249,1257,1279,1269,1269,1269,1279,1269,1279,1279,1279]} 1. d4 Nf6 {Match 120'/40 | Bediener: Rolf Bühler | 48. Partie: Weiss (Mephisto Polgar) gewinnt | Zwischenstand: 26,5-21,5 (55,2%) für Mephisto Polgar sel. 5; hypothetisch: 26,0-22,0 (54,1%) für Mephisto Polgar | Buchzüge total: Super Forte C = 471, Mephisto Polgar = 437 | Königsindisch, Aronin/Taimanov Variante 9.Se1 | In einer schwierigen Partie ist es der mit Schwarz spielende Super Forte C, der die entscheidenden Fehltritte begeht und ohne jede Gegenchance untergeht.} 2. c4 g6 3. Nc3 Bg7 4. e4 d6 5. Nf3 O-O 6. Be2 Nc6 7. O-O e5 8. d5 Ne7 9. Ne1 Nd7 10. Nd3 f5 11. Bd2 Nf6 12. f3 f4 13. g4 {Dieser Vorstoss zielt darauf ab, den weissen Königsflügel zu schliessen.} (13. c5 {ist die häufigste Fortsetzung} g5 14. Rc1 $14) 13... fxg3 {Mit diesem Buchzug, der einen schlechten Ruf hat, weil die weissen Figuren befreit werden, tut sich Schwarz keinen Gefallen.} 14. hxg3 $16 {Top-Engine Light 32 MPV-avx2 zeigt bereits einen Erwartungswert von 94% (+87% =13% -0%) an.} c6 {***ENDE BUCH***} 15. Kg2 {***ENDE BUCH***} {[#]} b6 $2 {[%mdl 2] Der erste selbst errechnete Zug muss schon als entscheidender Fehler bezeichnet werden. Nur mit 15...b5 konnte Schwarz noch Widerstand leisten.} (15... b5 {Untergräbt das gegnerische Zentrum.} 16. Nb4 $1 bxc4 17. Nxc6 Qd7 18. Nxe7+ Qxe7 19. Bxc4 $16) 16. Rh1 $1 {Der Mephisto Polgar ist vermutlich per Zufall auf der richtigen Spur.} a6 {Will ganz offensichtlich mit ...b5 am Damenflügel aktiv werden.} 17. Rc1 {Am besten hätte Weiss den gegnerischen Plan mit 17.a4 bekämpft und sich erst später dem Königsflügel zugewandt.} Bb7 {Verzichtet auf das konsequente 17...b5, was Weiss mit 18.b3 und noch immer Vorteil hätte beantworten können.} 18. Qb3 {Hier steht die Dame nicht optimal. Trotz allem steht Weiss günstiger, weil er Raumvorteil besitzt und seine Figuren leichter manövrieren können.} Kh8 19. dxc6 {Auch nicht am besten. Sowohl 19.Le3 als auch 19.Dd1 verdienen den Vorzug. Aber selbst das vermag die starke weisse Stellung noch vertragen, ohne dass der ganze Vorteil flöten geht.} ({Light 32 MPV-avx2:} 19. Be3 c5 20. Qc2 Bc8 21. a4 Nd7 22. Qd2 Rf7 23. Rcf1 Ng8 24. b4 a5 25. bxa5 Qe7 26. axb6 Nxb6 27. Nf2 Nxa4 28. Ra1 Nb6 29. Rxa8 Nxa8 30. Nb5 Qd8 31. Nxd6 Qxd6 32. Qa5 Nc7 33. Bxc5 Qd8 34. Be3 Ne6 35. Qxd8 Nxd8 36. Bb6 Nb7 37. Nd3 Nd6 38. c5 Nc4 {[%eval 223,39] [%wdl 985,15,0]}) 19... Bxc6 $6 {Schwarz sollte mit dem Springer nehmen.} 20. Be3 Nd7 $6 {Besser geschah 20...Tb8. Der Textzug erlaubt eine taktische Bombe, die für unsere Oldies nicht erkennbar ist.} 21. Nd5 {Deutlich energischer ist 21.c5!!, s. Variante.} (21. c5 $3 {Ein überraschender, taktisch motivierter Gewinnzug aus der Engine-Küche.} Nf6 (21... Nxc5 22. Nxc5 bxc5 23. Rxh7+ {und weiter wie gehabt}) (21... bxc5 22. Rxh7+ Kxh7 23. Rh1+ Bh6 24. Bxh6 d5 {schliesst die tödliche Diagonale a2-g8.} 25. Bxf8+ Kg8 26. Bxe7 Qxe7 27. Nxd5 $18) 22. cxd6 Qxd6 23. Qxb6 Rfb8 24. Qc5 Qxc5 25. Bxc5 Nfg8 26. Bd6 $18) 21... Nxd5 22. cxd5 Bb7 {Weniger nachteilig ist 22...Lb5.} 23. Qb4 Qf6 $6 {Am zähesten wäre noch die Schliessung der offenen c-Linie mit 23...Sc5 gewesen.} 24. Rc7 {Nun ist Bauernverlust für Schwarz schon nicht mehr zu vermeiden.} Bc8 25. Rc6 Nc5 26. Nf2 Rb8 27. Rxb6 {Endlich trägt die weisse Überlegenheit Früchte mit diesem Bauerngewinn.} a5 28. Qxa5 Qd8 29. Bxc5 {Ich hätte 29.Tb5 bevorzugt, um das starke weisse Läuferpaar leben zu lassen.} dxc5 30. Rb5 Qxa5 31. Rxa5 Rxb2 32. Re1 Rc2 33. Bd3 Rc3 34. Ra7 c4 35. Be2 Rc2 36. Bd1 Rb2 37. Re3 {Genauer 37.Te2 Tb1 38.Tc2 usw.} Bh3+ 38. Kg1 $2 {[%mdl 32768] Verdirbt seine Gewinnstellung.} (38. Kxh3 $1 Rxf2 39. Rc3 Rd2 40. Ba4 Rc8 (40... Rxa2 41. d6 Rd8 42. Rxc4 h5 43. d7 Kh7 44. Rc8 Rxa4 (44... Bf6 45. Raa8 $18) 45. Rxa4 Rxd7 46. Ra6 $18) (40... Rf2 41. Rxc4 R8xf3 42. Rc8+ Bf8 43. d6 Rd3 44. d7 Rf7 45. Re8 $18) (40... h5 41. Bb5 Kh7 42. Bxc4) 41. Bb5 Bh6 42. a4 Rd4 43. Ra6 Kg7 44. Rc6 $18) {[#]} 38... Rd2 $2 {[%mdl 2] Verpasst die einmalige Chance auf Rettung.} (38... Rc8 $1 39. Re2 (39. Rc3 Bf8 $15) 39... Rb1 40. d6 (40. Ra6 Bd7 $11) 40... Bf8 41. Kh2 Be6 42. Ba4 Rd8 43. d7 Bc5 $11) 39. Rc3 Bh6 {Auch andere Fortsetzungen retten nicht mehr.} 40. Rc7 Ra8 41. a4 Rb8 42. Rc2 Rb1 43. Rxd2 Bxd2 44. Nxh3 Rxd1+ 45. Kf2 c3 46. f4 exf4 47. gxf4 $18 {Die schwarze Lage ist hoffnungslos, da die weissen Freibauern auf der a- und d-Linie tödlich sind.} Rh1 48. Ng5 Rh4 49. d6 Rxf4+ 50. Ke2 Rh4 {Matt in 22 mit Sf7+ zeigt die Engine an.} 51. Nf7+ Kg7 52. d7 Rxe4+ 53. Kd3 Re3+ 54. Kc2 Re2 55. Kb3 Bf4 56. d8=Q Bxc7 57. Qxc7 c2 58. Ng5+ Kh6 59. Qc5 (59. Qxc2 {Matt in 18}) 59... Kg7 60. Qc3+ Kg8 61. Qxc2 {Eine pragmatische Lösung, aber nicht die beste.} (61. Qf6 $1 {führt zu einem 8-zügigen Matt, offenbar zu viel für den Mephisto Polgar.}) 61... Rxc2 62. Kxc2 Kg7 63. a5 {Dieser Bauer kann nicht mehr aufgehalten werden.} h5 64. a6 h4 65. Nf3 h3 66. a7 g5 67. Nxg5 h2 68. a8=Q Kg6 {***AUFGEGEBEN***} 1-0

[Event "Match 77__120'/40"]
[Site "Zürich"]
[Date "2024.??.??"]
[Round "50"]
[White "Mephisto Polgar sel. 5"]
[Black "Super Forte C 6 MHz sel. 4"]
[Result "1-0"]
[WhiteElo "1981"]
[BlackElo "2009"]
[Annotator "27,5-22,5 for Mephisto Polgar"]
[PlyCount "243"]
[EventDate "2024.??.??"]
[SourceVersionDate "2024.04.21"]

{[%evp 0,243,23,24,65,47,47,31,31,33,64,27,39,7,8,8,3,7,7,6,11,0,0,0,0,-36,-1,0,3,-75,-48,-88,-75,-83,-64,-72,-84,-64,-79,-86,-63,-91,-83,-128,-128,-122,-125,-125,-139,-122,-122,-141,-132,-131,-134,-125,-138,-138,-131,-110,-109,-85,-33,-54,-54,-87,-81,-81,-73,-92,-90,-79,-87,-87,-70,-97,-97,-104,-101,-126,-123,-138,-89,-93,-85,-92,-58,-58,-40,-36,-46,-46,-46,-69,-63,-71,0,0,0,-66,-61,-69,-11,-31,-14,-15,-21,-13,-5,-21,123,127,227,237,241,241,251,255,258,258,258,258,254,210,262,273,265,283,283,270,283,251,251,251,255,255,255,255,258,258,258,258,258,257,257,257,260,260,265,265,265,258,268,265,265,258,265,258,274,275,289,289,310,310,309,313,312,338,355,346,353,363,365,365,372,372,395,395,398,398,399,401,404,409,410,421,421,421,430,401,444,472,507,507,526,537,708,827,696,1016,1198,1460,1727,29960,29961,29964,29965,29974,29975,29972,29973,29974,29975,29972,29973,29970,29971,29956,29957,29974,29975,29976,29977,29978,29979,29982,29983,29984,29985,29986,29987,29988,29989,29988,29989,29990,29991,29992,29993,29994,29995,29996,29997,29998,29999,29999]} 1. e4 Nf6 {Match 120'/40 | Bediener: Rolf Bühler | 50. Partie: Weiss (Mephisto Polgar) gewinnt | ENDSTAND: 27,5-22,5 (55%) oder +22/=11/-17 für Mephisto Polgar sel. 5; hypothetisch: 26,0-24,0 (52%) für Mephisto Polgar | Buchzüge total: Super Forte C = 483, Mephisto Polgar = 449 | Aljechin Verteidigung, Fianchetto Variante 4...g6 | In der letzten Partie eines interessanten Matches verliert der Super Forte C sel. 4 unglücklich. So erhält das Programm von David Kittinger im Mittelspiel gewaltig Druck und bald einmal entscheidenden Vorteil, den er aber in Raten verspielt.} 2. e5 Nd5 3. d4 d6 4. Nf3 g6 5. Bc4 {***ENDE BUCH***} Nb6 {***ENDE BUCH***} 6. Bb5+ {Mit seinem ersten berechneten Zug verzichtet Weiss auf jeglichen Eröffnungsvorteil.} (6. Bb3 {ist die übliche Fortsetzung} Bg7 7. Ng5 $14) 6... c6 7. Be2 dxe5 8. Nxe5 Bg7 9. O-O O-O 10. Bf4 Nd5 11. Bg3 Qb6 12. b3 Nd7 13. c4 Nxe5 $11 {Bis jetzt gibt die Behandlung beider Kämpfer keinen Anlass zum Meckern. Nun sollte Weiss aber mit 14.cxd5 reagieren, um das Gleichgewicht zu wahren.} 14. dxe5 $6 {Aber Weiss greift fehl.} (14. cxd5 Ng4 15. Bxg4 Qxd4 16. Qxd4 Bxd4 17. dxc6 Bxa1 (17... Bxg4 18. cxb7 Bxa1 19. bxa8=Q Rxa8 $11) 18. Bxc8 Raxc8 19. cxb7 Rb8 20. Bxb8 Rxb8 21. Na3 Bf6 22. Rc1 Rxb7 $11) 14... Nb4 $17 {[#]} 15. Nd2 $2 {[%mdl 2] Nach dieser erneuten Ungenauigkeit gerät Weiss bereits in fast unüberwindliche Schwierigkeiten.} (15. Qc1 Bf5 16. c5 Qa5 17. Qc3 $17 {hält den Schaden in Grenzen.}) 15... Bf5 (15... Rd8 16. Qc1 Bf5 $19 {ist noch stärker und eigentlich schon entscheidend.}) 16. a3 Nd3 $2 {Nur die zweitbeste Fortsetzung.} (16... Nc2 17. Ra2 Nd4 $17) 17. Bxd3 {Erzwungen, sonst fällt der Bauer auf e5.} Bxd3 18. Re1 Rad8 19. Qf3 Rd7 20. Bf4 Rfd8 $17 {Schwarz steht besser.} 21. e6 $2 {Zerschlägt die gegnerische Bauernstruktur und stellt eine perfide Falle. Allerdings bevorzugen die Engines 21.b4.} fxe6 (21... Bxa1 $2 {verliert} 22. Be3 Qc7 23. Qxf7+ Kh8 24. exd7 $18) 22. Ra2 e5 23. Be3 Qa5 24. h3 {Erwartungswert für Weiss 2% (+0% =4% -96%), d.h. Schwarz hat praktisch eine gewonnene Stellung.} Bf5 $2 {[%mdl 32768] Ungenau: der Erwartungswert für Weiss steigt von 2% auf 27%.} (24... e4 25. Qg4 Bf6 $19) 25. b4 Qa4 26. Qd1 {Damentausch führt hier nicht zur Entlastung.} Qxd1 27. Rxd1 b6 $6 {Ein nicht notwendiger Schutz des Bauern a7.} (27... h5 $1 {Verhindert g2-g4, denn nun wäre} 28. Bxa7 $2 {schlecht wegen} Bh6 29. Be3 {Erzwungen, weil der dreifach angegriffene Sd2 Schutz braucht.} Bxe3 30. fxe3 Be6 {droht ...Lxc4, weil der Sd2 gefesselt ist} 31. Rb2 b5 32. cxb5 cxb5 33. Kf2 Bc4 34. Kf3 Kg7 $19 {und gewinnt}) 28. a4 Be6 $6 {Mit 28...e4 oder 28...h5 und 28...Td3 gab es drei stärkere Fortsetzungen.} 29. Rc1 a6 $2 {[%mdl 32768] Vergibt den grössten Teil seines Vorteils.} 30. Kh2 b5 31. axb5 axb5 32. Rac2 {Nicht schlecht, aber...} (32. Ra6 $1 $11 {gleicht aus} Rxd2 33. Bxd2 Rxd2 34. cxb5 Rxf2 ({A)} 34... Bd5 $11) ({B)} 34... e4 $11) 35. bxc6 Bd5 36. Kg1 $1 Rxg2+ 37. Kf1 Rb2 38. c7 Bg2+ 39. Ke1 Bxh3 40. Rc3 Bd7 41. Rd3 Bf5 42. Rf3 $11 {und da der schwarze Läufer das Umwandlungsfeld c8 unter Kontrolle halten muss, findet der Läufer keinen ruhigen Platz und kann dauernd verfolgt werden, so dass Remis durch Zugwiederholung unvermeidbar wird. Und da Weiss seinen c-Bauer nicht verwandeln kann, ohne in ein verlorenes Endspiel zu geraten, muss Weiss mit Remis zufrieden sein.}) 32... Bf5 33. Ra2 e4 34. cxb5 cxb5 35. Rac2 $2 {[%mdl 2] Hier war 35.Tc5 notwendig.} Be5+ 36. Kg1 Bd6 $6 {Es geht einiges stärker.} (36... h5 37. Rc5 Bd4 38. Bxd4 Rxd4 39. Nf1 Rd1 40. Kh2 Rxc1 41. Rxc1 Rd4 42. Rb1 Kf7 $17 {mit exzellenten Gewinnchancen für Schwarz.}) 37. Rb2 $2 {Damit gerät Weiss wieder in eine schlechte Situation. Nach 37.g4 kann man noch lange kämpfen.} (37. g4 Be6 38. Bb6 Rb8 39. Bc5 Bxc5 40. bxc5 Bd5 41. Rb2 Rc7 $17) 37... h5 (37... Be5 {ist stärker} 38. Rbc2 h5 $19 {und die schwarze Stellung wird langsam übermächtig.}) 38. Rc6 $2 {Nicht gut; hier war 38.g4 ein Versuch wert.} (38. g4 hxg4 39. hxg4 Bxg4 40. Nxe4 Be5 $17 {und die schwarze Stellung ist spürbar angenehmer.}) 38... Ra8 {Noch stärker war 38...h4.} 39. Rc1 Ra4 40. Nf1 $2 {[%mdl 2] Mit diesem passiven Rückzug gelangt Schwarz auf die Verliererstrasse.} Bxb4 $2 $15 {[%mdl 32768] Schwarz nutzt seine Chance nicht, wobei die mit 40...Tc7 eingeleitete Variante für unsere Oldies einige Hausnummern zu gross ist.} 41. Rcb1 Bc3 42. Rxb5 Ra2 43. Ng3 e6 44. R1b3 Bg7 45. R3b4 Bf8 46. Rb8 Kf7 47. R4b7 Rxb7 48. Rxb7+ Kg8 {Das Spiel hat sich verflacht und mit nur noch Bauern an einem Flügel und einem schwarzen Mehrbauern als Doppelbauer riecht es gewaltig nach Remis.} 49. Kh2 e5 50. Nf1 Bd6 51. Nd2 Rc2 52. g4 hxg4 53. hxg4 Bc8 (53... Bxg4 $2 {verliert gar} 54. Nxe4 {mit der unabwendbaren Doppeldrohung Sxd6 und Sf6+ nebst Sxg4.}) 54. Ra7 Bb8 55. Ra8 {[#]} Rb2 $2 {[%mdl 32770] Völlige Wende der Partie, denn nun kann Weiss gewinnen, weil wegen der gefesselten Figuren auf der 8. Reihe ein Läufer sein Leben lassen muss.} ({Stockfish 16.1:} 55... Bd6 {Bewertung: 0.08 (50%) ST 63} 56. Nxe4 Bf8 57. Bc5 Rxc5 58. Nxc5 Bxg4 59. Nd3 e4 60. Ne5 Bf5 61. Nc4 Kg7 62. Ra6 Bc5 63. Kg3 Bd4 64. Rc6 Kh6 65. Rd6 Ba7 66. Ra6 Bd4 67. Ne3 Kg5 68. Nd5 Be5+ 69. f4+ exf3+ 70. Kxf3 Bd4 71. Ra5 Be5 72. Ne3 Bd4 73. Rb5 Ba7 74. Ng4 Bd4 75. Ne5 Bxe5 76. Rxe5 Kf6 77. Ra5 g5 78. Ra6+ Ke5 79. Kg3 Be6 80. Ra5+ Kf6 81. Rc5 Bf5 82. Rc6+ Ke5 83. Rb6 Bc8 84. Kf3 Bf5 85. Rb5+ Kf6 86. Ke3 Bh3 87. Rxg5 Kxg5 88. Ke2 Kf6 89. Kf2 Kg5 90. Ke3 Bd7 {[%eval 8,63] [%wdl 3,996,1]}) 56. Nc4 Rb1 57. Kg3 Be6 58. Nb6 {Erobert den Läufer.} Rg1+ 59. Kh2 Rxg4 60. Rxb8+ Kf7 61. Nc8 g5 62. Nd6+ Ke7 63. Rb6 Kf6 64. Rc6 Ke7 65. Nc4 Bxc4 (65... Kf6 66. Bc1 Rh4+ 67. Kg2 Kf5 68. Ne3+ Kf6 69. Bb2 Rf4 70. Rc5 Rf3 71. Bxe5+ {und gewinnt}) 66. Rxc4 Rh4+ 67. Kg3 Kf6 68. Rc8 Rh1 69. Rf8+ Kg6 70. Rg8+ Kf6 71. Bxg5+ Kf7 72. Rc8 Rg1+ 73. Kh4 Rg2 74. Be3 Ke6 75. Rb8 Kf5 76. Rf8+ Ke6 77. Ra8 Kf5 78. Ra5 Rg8 79. Bd4 Re8 80. Kg3 Rg8+ 81. Kh3 Re8 82. Kg2 Kf6 83. Bc3 Kf5 84. Kf1 {Endlich findet Weiss den richtigen Plan, seinen König ins Zentrum zu führen.} Re7 85. Ke2 Kf4 86. Ra8 (86. Bd2+ {gewinnt systematischer}) 86... Kf5 $2 {Erleichtert dem Gegner die Sache enorm, weil der weisse König nach e3 vorrücken kann.} 87. Ke3 Rh7 88. Rf8+ Ke6 89. Re8+ Kf7 90. Rxe5 $18 {[#] Der Rest bedarf keiner Kommentare mehr.} Rh3+ 91. Kd4 Rd3+ 92. Kc4 Rd8 93. Rxe4 Kg6 94. Rf4 Rd1 95. Rf8 Kh5 96. f4 Rf1 97. f5 Kg5 98. Rg8+ Kh6 99. f6 Rf2 100. Kd5 Rf3 101. Ke6 Rxc3 102. f7 Rc6+ 103. Ke5 Rc5+ 104. Kf6 Rc6+ 105. Kf5 Rc5+ 106. Kg4 Rc4+ 107. Kf3 Rc3+ 108. Kf2 Rc2+ 109. Ke3 Rc3+ 110. Kd4 Rf3 111. f8=Q+ Rxf8 112. Rxf8 Kg7 113. Rf3 Kg6 114. Ke5 Kg5 115. Rg3+ Kh4 116. Rg8 Kh5 117. Kf4 Kh6 118. Kf5 Kh7 119. Rg6 Kh8 120. Ke6 Kh7 121. Kf7 Kh8 122. Rh6# 1-0